000 01675nam a2200373 a 4500
001 ebr10046637
003 CaPaEBR
006 m u
007 cr cn|||||||||
008 010619s2002 enka sb 001 0 eng
010 _z 2001036340
020 _z0333912616 (hbk.)
040 _aCaPaEBR
_cCaPaEBR
035 _a(OCoLC)559204478
050 1 4 _aDA47.1
_b.A68 2002eb
082 0 4 _a327.41044/09/04
_221
245 0 0 _aAnglo-French relations, 1898-1998
_h[electronic resource] :
_bfrom Fashoda to Jospin /
_cedited by Philippe Chassaigne, Michael Dockrill.
246 3 _aAnglo-French relations, eighteen hundred ninety-eight to nineteen hundred ninety-eight
260 _aHoundmills, Basingstoke, Hampshire ;
_aNew York :
_bPalgrave,
_c2002.
300 _axiii, 211 p. :
_bill.
490 1 _aStudies in military and stragetic history
504 _aIncludes bibliographical references and index.
533 _aElectronic reproduction.
_bPalo Alto, Calif. :
_cebrary,
_d2013.
_nAvailable via World Wide Web.
_nAccess may be limited to ebrary affiliated libraries.
651 0 _aGreat Britain
_xForeign relations
_zFrance.
651 0 _aGreat Britain
_xForeign relations
_y20th century.
651 0 _aFrance
_xForeign relations
_zGreat Britain.
651 0 _aFrance
_xForeign relations
_y20th century.
655 7 _aElectronic books.
_2local
700 1 _aChassaigne, Philippe.
700 1 _aDockrill, M. L.
_q(Michael L.)
710 2 _aebrary, Inc.
830 0 _aStudies in military and strategic history (Palgrave (Firm))
856 4 0 _uhttp://site.ebrary.com/lib/rucke/Doc?id=10046637
_zAn electronic book accessible through the World Wide Web; click to view
999 _c74460
_d74460